| 000 | 00607cam a22002171 4500 | ||
|---|---|---|---|
| 001 | ca 17003897 | ||
| 003 | DLC | ||
| 005 | 20260227111106.0 | ||
| 008 | 881018r1899uuuuhu 000 0 hun | ||
| 010 | _aca 17003897 | ||
| 035 | _a(OCoLC)23563622 | ||
| 040 |
_aDLC _cMiU _dDLC |
||
| 042 | _apremarc | ||
| 050 | 0 | 0 |
_aPH3213 _b.C85 1899 |
| 100 | 1 |
_aCzuczor, Gergely, _d1800-1866. |
|
| 245 | 0 | 0 | _aÖsszes költöi művei. |
| 250 | _a1. teljes kiadás. | ||
| 260 |
_aBudapest, _bFranklin-társulat, _c1899. |
||
| 300 |
_a3 v. _bfronts. (v:1. 3;ports.) pl. _c20 cm. |
||
| 700 | 1 |
_aZoltvány, Irén, _d1859, _eed. |
|
| 999 |
_c15332 _d15332 |
||